Social Psychology / (Record no. 101972)

MARC details
000 -LEADER
fixed length control field 01035nam a22002537a 4500
005 - DATE AND TIME OF LATEST TRANSACTION
control field 20170719165753.0
010 ## - LCCN (DPL NO)
LC control number 1617EN ENG-116838
020 ## - INTERNATIONAL STANDARD BOOK NUMBER
International Standard Book Number 9789332569911
Terms of availability 579.00
035 ## - SYSTEM CONTROL NUMBER
System control number B-652120-129
035 ## - SYSTEM CONTROL NUMBER
System control number EN-100370
035 ## - SYSTEM CONTROL NUMBER
System control number B-666220
037 ## - SOURCE OF ACQUISITION
Stock number dpl
Source of stock number/acquisition Pragati
082 ## - DEWEY DECIMAL CLASSIFICATION NUMBER
Classification number 302
100 ## - MAIN ENTRY--PERSONAL NAME
Personal name Baron, Robert A.
245 ## - TITLE STATEMENT
Title Social Psychology /
Statement of responsibility, etc by Robert A. Baron [and] Nyla R. Branscombe
260 ## - PUBLICATION, DISTRIBUTION, ETC. (IMPRINT)
Place of publication, distribution, etc Noida
Name of publisher, distributor, etc Pearson
Date of publication, distribution, etc 2016
270 ## - ADDRESS
Address 7th Floor, Knowledge Boulevard, Sector 62
City Noida
Postal code 201309 (U.P.) India
300 ## - PHYSICAL DESCRIPTION
Extent xxv,481p.
Dimensions 25cm(pbk)
Other physical details ill.
500 ## - GENERAL NOTE
General note includes index
700 ## - ADDED ENTRY--PERSONAL NAME
Personal name Branscombe, Nyla R.
942 ## - ADDED ENTRY ELEMENTS (KOHA)
Source of classification or shelving scheme Dewey Decimal Classification
Item type English Books
Classification part 301
Call number suffix BAR
Holdings
Withdrawn status Lost status Not for loan Collection code Home library Current library Date acquired Source of acquisition Cost, normal purchase price Full call number Barcode Copy number Cost, replacement price Koha item type Public note
      Non-fiction Ashok Vihar Ashok Vihar 19/07/2017 BPPD/EN/2016-17/AV/2016-17/466/15.02.2017/567/28.02.2017/10.03.17 579.00 301 BAR B-666220 1 579.00 English Books  
      Non-fiction Central Library Central Library 13/02/2017 BPPD/EN/2016-17/300/24.11.2016/IN341/2.12.2017/4.1.2017 579.00 301 BAR B-652120 1 579.00 English Books Legal Case (Register No. 2019)
      Non-fiction Janak Puri Janak Puri 13/02/2017 BPPD/EN/2016-17/300/24.11.2016/IN341/2.12.2017/4.1.2017 579.00 301 BAR B-652125 1 579.00 English Books  
      Non-fiction Kasturba Gandhi Marg Kasturba Gandhi Marg 13/02/2017 BPPD/EN/2016-17/300/24.11.2016/IN341/2.12.2017/4.1.2017 579.00 301 BAR B-652123 1 579.00 English Books  
      Non-fiction New Police Line New Police Line 13/02/2017 BPPD/EN/2016-17/300/24.11.2016/IN341/2.12.2017/4.1.2017 579.00 301 BAR B-652121 1 579.00 English Books  
      Non-fiction Patel Nagar Patel Nagar 13/02/2017 BPPD/EN/2016-17/300/24.11.2016/IN341/2.12.2017/4.1.2017 579.00 301 BAR B-652122 1 579.00 English Books  
      Non-fiction Peshwa Road Peshwa Road 13/02/2017 BPPD/EN/2016-17/300/24.11.2016/IN341/2.12.2017/4.1.2017 579.00 301 BAR B-652124 1 579.00 English Books  
      Non-fiction R.K.Puram-8 R.K.Puram-8 05/01/2017 DBAD/PUB 579.00 301 BAR EN-100370 1 579.00 English Books  
      Non-fiction Sarojini Nagar Sarojini Nagar 13/02/2017 BPPD/EN/2016-17/300/24.11.2016/IN341/2.12.2017/4.1.2017 579.00 301 BAR B-652126 1 579.00 English Books  
      Non-fiction Sarojini Nagar Sarojini Nagar 13/02/2017 BPPD/EN/2016-17/300/24.11.2016/IN341/2.12.2017/4.1.2017 579.00 301 BAR B-652127 1 579.00 English Books  
      Non-fiction Shahdara Branch Shahdara Branch 13/02/2017 BPPD/EN/2016-17/300/24.11.2016/IN341/2.12.2017/4.1.2017 579.00 301 BAR B-652128 1 579.00 English Books  
      Non-fiction Yojana Vihar Yojana Vihar 13/02/2017 BPPD/EN/2016-17/300/24.11.2016/IN341/2.12.2017/4.1.2017 579.00 301 BAR B-652129 1 579.00 English Books  

© Delhi Public Library
Hit Counter
free hit counter